Na bábätko si počkala doma v bazéne

Bibliographic Details
Other Authors: Bothová, Monika (Interviewer)
Format: Article
Language:Slovak
ISSN:1335-0919
Subjects:

MARC

LEADER 00000nab a2200000 a 4500
001 vtls008416056
003 SK-MaSNL
005 20260304145134.0
008 250505c2005 xo 0 slo
015 |a SNBCL2005/5 
035 |a SLK034181 
035 |a urn:nbn:sk:snk-ab6zir 
035 |a (uuid)fff3a963-2ae1-4c88-9702-c701cde0efb8 
035 |a (urnnbn)urn:nbn:sk:snk:ar-a06coe 
035 |a (sysno)vtls008416056 
040 |a SNKBUCL  |b slo  |c SNKBUCL  |e AACR2 
041 0 |a slo 
044 |a xo  |c SK 
080 |a 618.4-089.166  |2 1981 
100 1 |a Bothová, Monika  |4 ivr  |9 275663 
245 1 0 |a Na bábätko si počkala doma v bazéne  |c Monika Bothová, Jana Corrigan-Kollárová 
650 0 7 |a pôrod doma  |2 snkbucl  |9 590386 
650 0 7 |a pôrod do vody  |2 snkbucl  |9 1067668 
650 0 7 |a faktory rizikové  |2 MESH  |9 838956 
700 1 |a Corrigan-Kollárová, Jana  |4 ive  |9 1467474 
773 0 |t Dieťa nielen pre rodičov  |g Roč. 11, č. 7-8 (2005), s. 52-54  |x 1335-0919 
850 |a Slovenská národná knižnica 
852 |a Slovenská národná knižnica 
954 |a odborná, vedecká literatúra pôvodná (slovenská)  |2 lita 
958 |a article27 
958 |a OND 
958 |a EUIPO 
999 |c 2934613  |d 2936543